K ocenke nalogovoj reformy.
Daňová reforma ako súčasť transformácie ruskej ekonomiky na trhových princípoch. Finančné hľadisko daňovej reformy. Dane a štátny rozpočet. Vplyv daní na výrobu a správanie spotrebiteľov. Daň z pridanej hodnoty v podmienkach hospodárskej krízy. Sociálne dopady daňovej reformy, daňové úľavy.
Gespeichert in:
| 1. Verfasser: | |
|---|---|
| Format: | Buchkapitel |
| Sprache: | Russisch |
| Schlagworte: | |
| Tags: |
Keine Tags, Fügen Sie das erste Tag hinzu!
|
MARC
| LEADER | 00000naa a2200000 4500 | ||
|---|---|---|---|
| 001 | r012238 | ||
| 005 | 20221208122552.6 | ||
| 041 | 0 | |a rus | |
| 044 | |a RU | ||
| 245 | 1 | 0 | |a K ocenke nalogovoj reformy. |c I.V. Gorskij |
| 520 | |a Daňová reforma ako súčasť transformácie ruskej ekonomiky na trhových princípoch. Finančné hľadisko daňovej reformy. Dane a štátny rozpočet. Vplyv daní na výrobu a správanie spotrebiteľov. Daň z pridanej hodnoty v podmienkach hospodárskej krízy. Sociálne dopady daňovej reformy, daňové úľavy. | ||
| 610 | 2 | 0 | |a reformy daňové |
| 610 | 2 | 0 | |a dane |
| 610 | 2 | 0 | |a rozpočet štátny |
| 610 | 2 | 0 | |a spotrebitelia |
| 610 | 2 | 0 | |a dane z hodnoty pridanej |
| 610 | 2 | 0 | |a úľavy daňové |
| 100 | 1 | |a Gorskij, I.V. | |